000 00318nam a22001457a 4500
008 210428b ||||| |||| 00| 0 eng d
020 _a9781323421574
041 _aeng
080 _22nd
_a510
082 _a510
100 _a36
101 _aMAT
245 _aFinite Mathematics
_cMargaret L.Lial
942 _2udc
_cBK
999 _c56879
_d56879